00586nam 22001693 4500001000700000100004100007200003300048210003500081215003900116225002300155300009700178606003400275675002500309700003500334801001800369830002900387202862 a20240306d u||y0pory50 ba aExíliofAlberto de Lacerda aLisboacPortugáliadimp.1963 aXLVII,144, [3] p.cbrochadod21 cm aPoetas de hojev13 aContém dedicatória na folha de rosto Notas do Prof. Dr. Almeida Faria na folha de guarda aLiteratura PortuguesaxPoesia a821.134.3-1vPTzpor aLacerdabAlberto def1928-2007 aPTbBMMNgRPC cAna FalardofAna Falardo